000 01095nam a2200301 4500
001 0000020606
003 CO-CtgCURN
005 20250329191020.0
007 ta
008 160627s1995 000 0 eng d
020 _a9682452341
040 _aCO-CtgCURN
_bspa
_ccoctgcurn
082 0 _a745.2
_bA24i
100 1 _aAcha, Juan.
245 1 0 _aIntroducion a la teoria de los diseños /
_cJuan Acha.
250 _a3a ed.
260 _aMexico :
_bTrillas,
_c1995.
300 _a179 p.
336 _2rdacontent
337 _2rdamedia
_asin mediacion
_bn
338 _2rdacarrier
_avolumen
_bnc
500 _aIncluye indice.
505 8 _aLo estetico y lo artistico diferenciados.--La cultura estetica.--Occidente oculta las diferencias historicas.--Las artesanias.--Las artes.--Los diseños.--El proceso tecnologico industrial.--El proceso artistico.--El fenomeno de las masas.--La situacion actual de los diseños
650 1 4 _aDiseño decorativo.
908 _a160627
942 _cBK
_h745.2
_iA24i
_2ddc
999 _c11218
_d11218